000 00689nam a22002297a 4500
001 000563
003 DO-SdBNP
005 20160509101446.0
007 000563
008 160509b 2000 sp |||| |||| 00| 0 spa d
040 _aBPMSU
_bspa
_cBPMSU
100 _aSnicket, Lemony.
245 _aThe wide window /
_cLemony Snicket ; illustrations by Brett Helquist.
260 _aNew York :
_bHarperCollins Publishers,
_c2001
300 _a214 p. :
_bil. ;
_c21 cm.
490 _aA series of unfortunate events
_v 3
500 _a
700 _4
_aHelquist, Brett,
_eil.
830 _aA series of unfortunate events
_v3
942 _2ddc
_cBK
956 _2VMATEO
_310
_620160509
_8BPMSU
_a0069
999 _c10032
_d10032